000 00344nam a2200133Ia 4500
005 20251222140043.0
008 251222s1900||||xx |||||||||||||| ||spa||
020 _a8474907233
082 _a215.3/P45
100 _aPérez de Laborda, Alfonso
245 0 _aExistencia en Libertad:
264 _bFacultad de Teología "San Dámaso"
942 _cLIB
999 _c3358
_d3358